000 nam a22 7a 4500
999 _c10754
_d10754
008 180223b ||||| |||| 00| 0 eng d
100 _aSawhney,P.
_96600
245 _aWorkbook Math-III
260 _aNew Delhi
_bJiwan Books